| 000 | 00352 a2200169 4500 | ||
|---|---|---|---|
| 001 | 69591 | ||
| 020 | _a8508053495 | ||
| 040 | _cAnchieta - Itaigara | ||
| 100 | _aRagache, Gilles | ||
| 240 | 1 | 0 |
_aOs vikings _lpor |
| 245 | 1 | 0 | _aOs vikings |
| 300 | _a47 | ||
| 362 | 0 | _a1997 | |
| 440 | 1 | _aÁtica | |
| 650 | 4 | _aLiteratura infanto-juvenil | |
| 942 | _cBK | ||
| 999 |
_c69591 _d69591 |
||